La Administracin̤ electoral

Bibliographic Details
Main Author: Pascua Mateo, Fabio
Corporate Author: Instituto Nacional de Administracin̤ Pb︢lica (Espanya)
Format: Book
Language:Spanish
Published: Madrid : Instituto Nacional de Administracin̤ Pb︢lica, 2007
Subjects:
Online Access:Acceso restringido

MARC

LEADER 00000nam a2200000 a 4500
005 20110705142315.0
007 cr |||||||||||
008 110610s2007 sp |||||| o000 ||spa|c
020 |a 9788470887604  |z 9788473512657 
035 |a 5538 
040 |d vLex 
090 |c 2167  |d 2167 
100 1 |a Pascua Mateo, Fabio 
245 1 3 |a La Administracin̤ electoral  |h [Recurs electrṇic] /  |c Fabio Pascua Mateo 
256 |a Servicio en ln̕ea. 
260 |a Madrid :  |b Instituto Nacional de Administracin̤ Pb︢lica,  |c 2007 
300 |a 1 recurso electrn̤ico (235 p.) 
500 |a Descripcin̤ del recurso: 10 juny 2011 
504 |a Bibliografa̕ p. 225-235 
506 1 |a Contenido solo disponible en los productos indicados  |d vLex Global  |d vLex Global (Academic Edition, excluding Law Schools)  |d vLex Global (U.S. Academic Edition, Law Schools)  |d vLex Global (U.S. Academic Edition, excluding Law Schools)  |d vLex Global (Academic Edition, Law Schools) 
650 0 7 |a Derecho electoral  |2 Tesauro vLex 
650 0 7 |a Administracin̤ electoral  |2 Tesauro vLex 
710 2 |a Instituto Nacional de Administracin̤ Pb︢lica (Espanya) 
740 0 |a vLex Libros (Servicio en ln̕ea) 
856 4 0 |z Acceso restringido  |u http://vlex.com/source/administracion-electoral-5538 
942 |c BOOK